[Event "Zuerich Seniors op 08th"]
[Site "Zuerich"]
[Date "2010.01.28"]
[Round "4"]
[White "Sigrist, Paul"]
[Black "Schoeb, Peter"]
[Result "1-0"]
[WhiteElo "1422"]
[BlackElo "1316"]
[PlyCount "66"]
[EventDate "2010.01.25"]
[EventType "swiss"]
[EventRounds "9"]
[EventCountry "SUI"]
[SourceTitle "EXT 2022"]
[Source "ChessBase"]
[SourceDate "2021.10.06"]
[SourceVersion "1"]
[SourceVersionDate "2021.10.06"]
[SourceQuality "1"]

1. b3 e5 2. Bb2 Nc6 3. e3 d5 4. Bb5 Nge7 5. d4 e4 6. Nd2 a6 7. Be2 Bf5 8. c4 Be6 9. a3 Ng6 10. Bg4 Qd7 11. Bxe6 Qxe6 12. Ne2 0-0-0 13. c5 f5 14. 0-0 Kb8 15. b4 b6 16. Qa4 Kb7 17. b5 axb5 18. Qxb5 Na7 19. Qb3 Qc6 20. Rac1 b5 21. Qb4 Qa6 22. Nc3 Nc6 23. Qxb5+ Qxb5 24. Nxb5 Ra8 25. Rc3 Na5 26. Nb3 c6 27. Nd6+ Bxd6 28. cxd6 Nxb3 29. Rxb3+ Ka6 30. Rc1 Rhc8 31. Rc5 Nf8 32. Rb4 Nd7 33. Ra4+ Kb7 1-0